Geography Quiz

Random Geography or City Quiz
Score 0/44 Timer 10:00
0 Plays Today
% Correct
Cornwall
83.5%
Lancashire
79%
Devon
78.8%
Kent
77.3%
Tyne and Wear
75.6%
Cumbria
74.2%
Somerset
73.8%
Essex
72%
Norfolk
71.7%
Berkshire
70.9%
Isle of Wight
70.4%
Surrey
70.3%
West Midlands
70.1%
Dorset
69.8%
Merseyside
67.1%
Staffordshire
66.1%
Buckinghamshire
64.3%
Oxfordshire
64.3%
Bedfordshire
63.7%
Derbyshire
63.5%
Wiltshire
62.8%
East Riding of Yorkshire
62.8%
% Correct
Leicestershire
62.7%
West Yorkshire
62.5%
South Yorkshire
62.3%
Warwickshire
62.2%
Lincolnshire
61.8%
North Yorkshire
61.6%
Hertfordshire
61.4%
Hampshire
61.3%
Suffolk
61.3%
Cheshire
60.6%
Shropshire
60.1%
East Sussex
60.1%
Cambridgeshire
58.1%
Gloucestershire
58%
Northumberland
58%
Northamptonshire
54.5%
West Sussex
54.1%
County Durham
53.7%
Rutland
52.7%
Nottinghamshire
51.7%
Herefordshire
49.3%
Worcestershire
45.1%
Remove Ads.
Support Sporcle.
Get the best of Sporcle when you Go Orange. This ad-free experience offers more features, more stats, and more fun while also helping to support Sporcle. Thank you for becoming a member.

You're not logged in!

Compare scores with friends on all Sporcle quizzes.
OR
Log In

Show Comments

Extras

Top Quizzes Today


Score Distribution

Your Account Isn't Verified!

In order to create a playlist on Sporcle, you need to verify the email address you used during registration. Go to your Sporcle Settings to finish the process.

Report this User

Report this user for behavior that violates our Community Guidelines.

Details: